=LDR 00000nam 2200000 4500 =001 INLIS000000000022375 =005 20130612121134 =008 ***********************************Ind** =035 ##$$0010-061300000022375 =041 ##$$a Ind =082 ##$$a 510.7 =090 ##$$a 510.7, Wir-m =100 ##$$a Wirodikromo, Sartono =245 ##$$a Matematika 2000 untuk SMU, Drs. Sartono Wirodikromo =260 ##$$a 2000 $b Jakarta =300 ##$$a ix, 157 hlm., ilus., 24 cm =650 ##$$a Matematika =850 ##$$a NBPNMAT